Práctica reflexiva y cambio cognitivo del profesor /

Las innovaciones tendientes a conseguir aprendizajes complejos y profundos en el aula, exigen diseños de capacitación que impacten tanto el pensamiento como la práctica del profesor. Tras la búsqueda de un sistema con estas características, se identifican tres variables importantes: avance en el con...

Descripción completa

Detalles Bibliográficos
Otros Autores: Beas Franco, Josefina, Gómez Nocetti, Viviana, Thomsen Queirolo, Paulina, Carranza Daniel, Gloria
Formato: Analitica de revista
Lenguaje:español

MARC

LEADER 00000cab a2200000 a 4500
001 026112
003 UAHC_CL
005 20180808120559.0
008 051214b xx j 000 1 spa
952 |0 0  |1 0  |2 ddc  |4 0  |6 BOL___INVEST__EDUC_19_04_000000000000000  |7 0  |8 COMP  |9 52899  |a BC  |b BC  |c General  |d 2017-08-03  |l 0  |o BOL. INVEST. EDUC.-19/04  |r 2018-01-17 00:00:00  |w 2017-08-03  |y REVA 
999 |c 26112  |d 26112 
040 |a UAHC_CL  |c UAHC_CL  |d UAHC_CL 
245 1 0 |a Práctica reflexiva y cambio cognitivo del profesor /  |c Josefina Beas, Viviana Gómez, Paulina Thomsen, Gloria Carranza. 
500 |a Boletín de Investigación Educacional (Santiago) 2004. vol.19, p. 13-25 
520 |a Las innovaciones tendientes a conseguir aprendizajes complejos y profundos en el aula, exigen diseños de capacitación que impacten tanto el pensamiento como la práctica del profesor. Tras la búsqueda de un sistema con estas características, se identifican tres variables importantes: avance en el conocimiento teórico del profesor, trabajo colaborativo entre profesores de aula y universitarios y practicas reflexivas. La experiencia en el uso de esta instancias- iluminadas por el principio de la vinculación teoría- practica- de muestra que, siendo cada una de ellas muy importante, es la integración entre ellas lo que muestra la diferencia.\La literatura muestra que tanto el cambio en el discurso como en la práctica se puede lograr a través de una serie de procedimientos tales como: provocación de conflicto cognitivo, el uso de analogías, el conocimiento meta conceptual y la meta cognición, etc. El diseño aplicado en este caso, se basa fundamentalmente en una integración de procedimientos que provocan conflicto cognitivo y el uso de técnicas meta cognitivas por parte del profesor. Se adelantan algunos resultados del estado de avance en esta experiencia. 
700 1 |a Beas Franco, Josefina 
700 1 |a Gómez Nocetti, Viviana 
700 1 |a Thomsen Queirolo, Paulina 
700 1 |a Carranza Daniel, Gloria 
700 1 |a Gómez Nocetti, Viviana 
773 0 |t Boletín de Investigación Educacional.  |w 025995 
900 |a BOL. INVEST. EDUC.-19/04 
942 |c REVA  |2 ddc